000 00481nam a2200169Ia 4500
999 _c34999
_d34999
003 OSt
005 20200203145325.0
008 190216s9999||||xx |||||||||||||| ||und||
040 _coclc
082 _a320
_bRAJ/M
100 _aRajshekar, V T
_9345
245 0 _aMuslim Failure To Embrace Dalits /
_cV T Rajshekar
260 _bDalit Sahitya Akademy,
_c2010.
_aBangalore:
300 _a19p
650 _aPolitics
942 _cBK
_2ddc
_h320
_iRAJ/M
_k320
_mRAJ/M